|
|
|
|
| LEADER |
00000nam0a2200000 4500 |
| 001 |
251432 |
| 005 |
20231031213520.0 |
| 010 |
|
|
|a 512000766X
|
| 020 |
|
|
|a RU
|b 89-19485
|
| 035 |
|
|
|a (RuTPU)RU\TPU\book\273724
|
| 090 |
|
|
|a 251432
|
| 100 |
|
|
|a 20140221d1989 k a0rusy5003 ca
|
| 101 |
0 |
|
|a rus
|
| 102 |
|
|
|a UA
|
| 105 |
|
|
|a a z 001zy
|
| 200 |
1 |
|
|a Основы технологии хлоргидринирования
|f Л. Н. Шкарапута, А. В. Кононов, В. Т. Скляр
|g Академия наук Украинской ССР (АН УССР), Институт физико-органической химии и углехимии
|
| 210 |
|
|
|a Киев
|c Наукова думка
|d 1989
|
| 215 |
|
|
|a 141 с.
|c ил.
|
| 320 |
|
|
|a Библиогр. в конце глав
|
| 606 |
1 |
|
|a Непредельные соединения
|2 stltpush
|3 (RuTPU)RU\TPU\subj\45487
|
| 610 |
1 |
|
|a хлорирование
|
| 610 |
1 |
|
|a хлоргидрины
|
| 610 |
1 |
|
|a синтез
|
| 610 |
1 |
|
|a технология
|
| 610 |
1 |
|
|a механизм
|
| 610 |
1 |
|
|a взаимодействие
|
| 610 |
1 |
|
|a кинетика
|
| 610 |
1 |
|
|a математическое описание
|
| 610 |
1 |
|
|a оптимизация
|
| 610 |
1 |
|
|a процессы
|
| 610 |
1 |
|
|a хлоргидрирование
|
| 675 |
|
|
|a 661.723.094.403
|z rus
|
| 700 |
|
1 |
|a Шкарапута
|b Л. Н.
|
| 701 |
|
1 |
|a Кононов
|b А. В.
|g Александр Васильевич
|
| 701 |
|
1 |
|a Скляр
|b В. Т.
|g Владимир Тихонович
|
| 712 |
0 |
2 |
|a Академия наук Украинской ССР (АН УССР)
|b Институт физико-органической химии и углехимии
|c (Донецк)
|2 stltpush
|3 (RuTPU)RU\TPU\col\12481
|
| 801 |
|
0 |
|a RU
|b RuMRKP
|c 19950417
|g psbo
|
| 801 |
|
1 |
|a RU
|b 63413507
|c 20140221
|
| 801 |
|
2 |
|a RU
|b 63413507
|c 20140319
|g RCR
|
| 942 |
|
|
|c BK
|